000 00693nam a22002177a 4500
003 UA-OsUOA
001 122787
007 ta
008 20170522b un ||||| |||| 00| 0 ukr d
100 _aДепартамент інформації та комунікацій з громадськістю Секретаріату Кабінету Міністрів України
090 _a32
_bД35
942 _cSA
040 _aUA-OsUOA
_bukr
_cUA-OsUOA
_dUA-OsUOA
245 _aДоступ до інформації: аналіз діяльності влади
300 _aС.5
955 _a0
041 _aukr
080 _a32
773 0 _w122786
650 7 _a32 Політика
_2UDC
999 _c409476
_d409476